Chemistry of Substituted Quinolinones I. Synthesis of Novel Triazinylmethylquinolinone Derivatives

Podrobná bibliografia
Hlavní autori: Abass, M. (Autor), Ismail, M. M. (Autor)
Médium: Článok
Jazyk:angličtina

MARC

LEADER 00000nab a2200000uu 4500
001 vtls010879738
003 SK-MaSNL
005 20260304000513.0
008 230303|2000 xo |||||||||||||||||eng|
015 |a SNBRB 
035 |a (urnnbn)urn:nbn:sk:snk:ar-005wba 
035 |a (uuid)6514eb03-a355-48c1-a876-65ca340cb8a9 
035 |a urn:nbn:sk:snk-ab7nmm 
040 |a SNKBUCL  |b slo  |c SNKBUCL  |e AACR2 
041 0 |a eng 
044 |a xo  |c SK 
100 1 |a Abass, M.  |4 aut  |9 1187372 
245 1 0 |a Chemistry of Substituted Quinolinones I. Synthesis of Novel Triazinylmethylquinolinone Derivatives  |c M. Abass, M. M. Ismail 
700 1 |a Ismail, M. M.  |4 aut  |9 1187112 
773 0 |t Chemical papers  |g Roč. 54, č. 3 (2000), s. 187-195 
958 |a OND 
958 |a EUIPO 
958 |a article8 
999 |c 2531603  |d 2533533